NWA Champions in TNA Wrestling - Statistics

General Stats
  • This quiz has been taken 154 times
  • The average score is 29 of 47
Answer Stats
Title Answer % Correct
NWA World Heavyweight Jeff Jarrett
95%
NWA World Heavyweight AJ Styles
93%
NWA World Tag Team AJ Styles
93%
NWA World Tag Team AJ Styles
93%
NWA World Tag Team AJ Styles
93%
NWA World Heavyweight Ron Killings
88%
NWA World Tag Team Ron Killings
88%
NWA World Heavyweight Christian Cage
87%
NWA World Heavyweight Sting
86%
NWA World Tag Team Christopher Daniels
85%
NWA World Tag Team Christopher Daniels
85%
NWA World Tag Team Christopher Daniels
85%
NWA World Heavyweight Abyss
84%
NWA World Tag Team Abyss
84%
NWA World Tag Team Low Ki
83%
NWA World Heavyweight Raven
83%
NWA World Tag Team James Storm
78%
NWA World Heavyweight Ken Shamrock
76%
NWA World Tag Team Bobby Roode
72%
NWA World Tag Team Chris Harris
71%
NWA World Tag Team James Storm
71%
NWA World Heavyweight Rhino
70%
NWA World Tag Team Elix Skipper
67%
NWA World Tag Team Eric Young
66%
NWA World Tag Team BG James
65%
NWA World Tag Team Brother Ray
65%
NWA World Tag Team Brother Devon
64%
NWA World Tag Team Elix Skipper
62%
NWA World Tag Team Chris Harris
61%
NWA World Tag Team Homicide
61%
NWA World Tag Team Hernandez
60%
NWA World Tag Team Konnan
57%
NWA World Tag Team Jerry Lynn
52%
NWA World Tag Team Jerry Lynn
52%
NWA World Tag Team Amazing Red
41%
NWA World Tag Team D'Lo Brown
38%
NWA World Tag Team Andy Douglas
36%
NWA World Tag Team Chase Stevens
36%
NWA World Tag Team Kid Kash
28%
NWA World Tag Team Simon Diamond
23%
NWA World Tag Team Dallas
21%
NWA World Tag Team Johnny Swinger
21%
NWA World Tag Team Apolo
18%
NWA World Tag Team Brian Lee
18%
NWA World Tag Team Slash
17%
NWA World Tag Team Joe Legend
14%
NWA World Tag Team Kevin Northcutt
14%
No matching quizzes found
Score Distribution
Percent of People with Each Score
Percentile by Number Answered
Your Score History
You have not taken this quiz